| 000 -CABECERA |
| campo de control de longitud fija |
00872cam a2200253 a 4500 |
| 001 - NÚMERO DE CONTROL |
| campo de control |
2421307 |
| 005 - FECHA Y HORA DE LA ÚLTIMA TRANSACCIÓN |
| campo de control |
20210627111103.0 |
| 008 - DATOS DE LONGITUD FIJA--INFORMACIÓN GENERAL |
| campo de control de longitud fija |
870331s1987 cau b 000 0 eng |
| 010 ## - NÚMERO DE CONTROL DE LA BIBLIOTECA DEL CONGRESO |
| Número de control de LC |
87009951 |
| 020 ## - NÚMERO INTERNACIONAL ESTÁNDAR DEL LIBRO |
| ISBN |
0804713669 |
| 040 ## - FUENTE DE LA CATALOGACIÓN |
| Centro/agencia transcriptor |
CAAAP |
| 050 00 - SIGNATURA TOPOGRÁFICA DE LA BIBLIOTECA DEL CONGRESO |
| Número de clasificación |
GN 487 |
| Número de documento/Ítem |
C72 |
| 245 00 - MENCIÓN DE TÍTULO |
| Título |
Gender and kinship : |
| Subtitulo |
essays toward a unified analysis / |
| Mención de responsabilidad, etc. |
edited by Jane Fishburne Collier and Sylvia Junko Yanagisako ; [contributors, Maurice Bloch ... et al.]. |
| 260 ## - PUBLICACIÓN, DISTRIBUCIÓN, ETC. |
| Lugar de publicación, distribución, etc. |
Stanford, Calif. : |
| Nombre del editor, distribuidor, etc. |
Stanford University Press, |
| Fecha de publicación, distribución, etc. |
1987. |
| 300 ## - DESCRIPCIÓN FÍSICA |
| Extensión |
xiii, 369 p. ; |
| Dimensiones |
23 cm. |
| 504 ## - NOTA DE BIBLIOGRAFÍA, ETC. |
| Nota de bibliografía, etc. |
Bibliografía: p. [341]-369. |
| 650 #0 - PUNTO DE ACCESO ADICIONAL DE MATERIA--TÉRMINO DE MATERIA |
| Término de materia o nombre geográfico como elemento de entrada |
Parentesco |
| 9 (RLIN) |
3337 |
| 650 #0 - PUNTO DE ACCESO ADICIONAL DE MATERIA--TÉRMINO DE MATERIA |
| Término de materia o nombre geográfico como elemento de entrada |
Rol sexual |
| 9 (RLIN) |
3458 |
| 650 #0 - PUNTO DE ACCESO ADICIONAL DE MATERIA--TÉRMINO DE MATERIA |
| Término de materia o nombre geográfico como elemento de entrada |
Matrimonio |
| 9 (RLIN) |
1174 |
| 700 1# - PUNTO DE ACCESO ADICIONAL--NOMBRE DE PERSONA |
| Nombre de persona |
Collier, Jane Fishburne. |
| 9 (RLIN) |
3459 |
| 700 1# - PUNTO DE ACCESO ADICIONAL--NOMBRE DE PERSONA |
| Nombre de persona |
Yanagisako, Sylvia Junko, |
| Fechas asociadas al nombre |
1945- |
| 9 (RLIN) |
3460 |
| 700 1# - PUNTO DE ACCESO ADICIONAL--NOMBRE DE PERSONA |
| Nombre de persona |
Bloch, Maurice. |
| 9 (RLIN) |
3461 |
| 942 ## - ELEMENTOS PERSONALIZADOS KOHA |
| Fuente del sistema de clasificación o colocación |
|
| Fecha de catalogación |
DD - MM - AA |
| Tipo de ítem Koha |
Libros |